000 00550nam a2200193Ia 4500
005 20250326145206.0
008 250326s9999 xx 000 0 und d
037 _aTextbook
040 _aFMSL
_beng
_cFMSL
041 _aeng
_2eng
084 _aX:(W).1 N6
_qFMSL
100 _aBhagwati J
_9738675
245 0 _aPolitical economy and international economics
_cBhagwati J
260 _aLondon
_bLondon, MIT Press
_c1991
365 _b1482.8244999999999
650 _aManagement
942 _cTB
_hX:(W).1 N6
999 _c1306698
_d1306698